| 000 | 01348nam0a22002771 4500 | ||
|---|---|---|---|
| 001 | rc\3699997 | ||
| 005 | 20250610062609.0 | ||
| 035 | _a(NLR Aleph) 007762122 | ||
| 090 |
_a7377595 _c7377595 |
||
| 100 | _a20130115d1969 |||y0rusy50 ca | ||
| 101 | 0 | _arus | |
| 102 | _aRU | ||
| 105 | _aab z ||||| | ||
| 200 | 1 |
_aРазвитие производительных сил Астраханской области _eОсновы исследования региональной концентрации производства _fГл. ред. И. Чиняков _gАстрахан. гос. пед. ин-т им. С.М. Кирова. Астрахан. техн. ин-т рыбной пром-сти и хоз-ва. Астрахан. обл. плановая комис. Астрахан. отд. Геогр. о-ва СССР |
|
| 210 |
_aАстрахань _cБ. и. _d1969 |
||
| 215 |
_a235 с. _cил., карт. _d20 |
||
| 320 | _aБиблиогр.: с. 216-221 | ||
| 333 | _aДля служебного пользования. Экз. № 00984 | ||
| 700 | 1 |
_aКлюкин _bН.В. _gНиколай Васильевич |
|
| 701 | 1 |
_aХрамова _bТ.Т. _gТаисия Тихоновна |
|
| 702 | 1 |
_aЧиняков _bИ. _4340 |
|
| 801 | 0 |
_aRU _bNLR _gpsbo |
|
| 801 | 1 |
_aRU _bELAR _2rusmarc |
|
| 852 |
_aNLR _j50К/21913 |
||
| 942 | _cBOOK | ||
| 980 | _aNB | ||